00441nam a2200193Ia 4500008004100000020001800041050001400059100001400073245001500087245001400102260001500116260001600131260000900147300001500156300002700171300001100198440003000209500000800239170918s9999 xx 000 0 und d a9780531209264 bM298 2012 aMara, Wil aTee ball / cWil Mara. aNew York : bScholastic, c2012 a32 pages : bcolored illustration ; c18cm.  aRookie read-about sports. a280